00581nam a2200157 a 450000100100000000500170001000800410002704000250006810000380009324500610013126000590019230000200025150400300027195201050030199900170040600003815820201002031202.0130319s1997 dr 000 0 spa d aDO-SdBNPbspacBNPHU1 aPiña Martínez, Alfredo93625613aLa ejecución provisional /cAlfredo Piña Martínez. aSan Francisco de Macorís, :bImpresora Kalis,c1997. a44 p. ;c23 cm. aBibliografía : p. 43-44 0010718PDaPDbPDcCTd2013-03-19iLF1l0o p38158-10r2020-06-25w2020-06-25yLFPDZNo se presta c37648d37648